000 00923cam a2200313 a 4500
001 2961
003 BD-DhBUF
005 20260114115156.0
008 031110s2003 ohua b 001 0 eng
010 _a 2002020827
015 _aGBA3-79048
016 7 _a0030350840
_2Uk
020 _a0030350840 :
_cNo price
020 _a0030258170 (varient) :
_cNo price
035 _a(Uk)gb A3079048
035 _a892062
035 _a(StEdNL)3620254-nlsdb-Voyager
040 _aDLC
_cDLC
_dUk
082 0 4 _a658.403072
_221
100 1 _aZikmund, William G.
_91769
245 1 0 _aBusiness research methods /
_cWilliam G. Zikmund.
250 _a7th ed.
260 _aMason, Ohio ;
_aUnited Kingdom :
_bThomson/South-Western,
_cc2003.
300 _axix, 748 p. :
_bill. (some col.) ;
_c27 cm.
504 _aIncludes bibliographical references and index.
526 _aBBA
650 0 _aManagement
_xResearch.
942 _2ddc
_cBK
999 _c2961
_d2961